BUBT Library Online Catalog

Statistical Techniques in Business & Economics (Record no. 5718)

000 -LEADER
fixed length control field 00728nam a22002177a 4500
003 - CONTROL NUMBER IDENTIFIER
control field BUBTL
008 - FIXED-LENGTH DATA ELEMENTS--GENERAL INFORMATION
fixed length control field 180514b xxu||||| |||| 00| 0 eng d
020 ## - INTERNATIONAL STANDARD BOOK NUMBER
International Standard Book Number 978-0-07-017220-3
082 ## - DEWEY DECIMAL CLASSIFICATION NUMBER
Classification number 519.5
Item number LIS
100 ## - MAIN ENTRY--PERSONAL NAME
9 (RLIN) 34
Personal name Lind, Douglas A.
245 ## - TITLE STATEMENT
Title Statistical Techniques in Business & Economics
Statement of responsibility, etc. Douglas A. Lind, William G. Marchal and Samuel A. Wathen
250 ## - EDITION STATEMENT
Edition statement 14th
260 ## - PUBLICATION, DISTRIBUTION, ETC. (IMPRINT)
Place of publication, distribution, etc. New York
Name of publisher, distributor, etc. Mc Graw Hill
Date of publication, distribution, etc. 2010
300 ## - PHYSICAL DESCRIPTION
Extent [xxvi] , 826p . :
Other physical details Table , Graph ; 23cm .
Dimensions Statistics .
500 ## - GENERAL NOTE
General note Includes Index .
650 #0 - SUBJECT ADDED ENTRY--TOPICAL TERM
9 (RLIN) 171
Topical term or geographic name as entry element Statistics
700 ## - ADDED ENTRY--PERSONAL NAME
9 (RLIN) 1866
Personal name Douglas A. Lind, William G. Marchal and Samuel A. Wathen
856 ## - ELECTRONIC LOCATION AND ACCESS
Password 0
Logon 0
Link text Download
942 ## - ADDED ENTRY ELEMENTS (KOHA)
Source of classification or shelving scheme
Koha item type Books

No items available.

More Information About Library

Library Hours

  • Open: 9.00 am. to 9.00 pm.
  • Only Sunday: 9.00 am. to 6.00 pm.
  • Closed: Holiday

Contact to the University

Bangladesh University of Business and Technology Library

  • Mirpurl-2, 1216.
  • Phone:
  • Fax:
  • E-Mail: admin.library@bubt.edu.bd

Contact to the Library

Contact Person:

Md. Abdul Hakim Shah
Joint Librarian
PABX No:  113
Cell No: 01816332931
E-mail: official: admin.library@bubt.edu.bd
Personal: hakim.shah@bubt.edu.bd


BUBT Library

Copyright © 2021